000 00618nam a2200229Ia 4500
003 OSt
005 20220928102139.0
006 a|||||r|||| 00| 0
007 ta
008 220927b |||||||| |||| 00| 0 eng d
024 _a55551
037 _cTextual
040 _aSDCL
_cSDCL
_beng
041 _2eng
_aeng
082 _aV44Q7y7N28, L7
100 _aBhutto Zulfikar Ali
_9396793
245 0 _aThird world
_b New directions
260 _aLondon
_bQuarter Books
_c1977
300 _a144p
_ccm.
942 _hV44Q7y7N28, L7
_cTEXL
_2CC
999 _c712555
_d712555